| 000 | 01678nam0a2200361 4500 | ||
|---|---|---|---|
| 001 | RU\NLR\BIBL_A\022499538 | ||
| 005 | 20260607075451.0 | ||
| 010 |
_a978-5-361-01363-0 _9500 |
||
| 021 |
_aRU _bКН-П-25-004100 _9КН-П-25-0396 |
||
| 035 | _a(NLR Aleph) 022499538 | ||
| 090 |
_a13671192 _c13671192 |
||
| 100 | _a20250324d2022 k y0rusy50 ca | ||
| 101 | 0 | _arus | |
| 102 | _aRU | ||
| 105 | _aa|||z|||000yy | ||
| 181 | 0 |
_ai3 _baxxe |
|
| 182 | 0 | _an | |
| 200 | 1 |
_aИнновационные свайные технологии (сваи-оболочки, изготавливаемые в грунте) _eмонография _fВ. В. Кочерженко, Л. А. Сулейманова, А. В. Кочерженко |
|
| 203 |
_aТекст _bвизуальный _cнепосредственный |
||
| 210 |
_aБелгород _cИзд-во БГТУ _d2022 |
||
| 215 |
_a78 с. _cил., табл. _d21 |
||
| 320 | _aБиблиогр.: с. 74-78 (61 назв.) | ||
| 606 | 1 |
_aСвайные фундаменты _xСтроительство _92159785 _3RU\NLR\AUTH\661299878 |
|
| 606 | 1 |
_aСваи-оболочки железобетонные _91769887 _3RU\NLR\AUTH\66794663 |
|
| 686 | 1 | _aН654.16 | |
| 686 | 1 | _aН582.52 | |
| 700 | 1 |
_aКочерженко _bВ. В. _gВладимир Васильевич |
|
| 701 | 1 |
_7ca _8rus _aСулейманова _bЛ. А. _cд-р техн. наук _gЛюдмила Александровна _3RU\NLR\AUTH\770221164 _9221108 |
|
| 701 | 1 |
_aКочерженко _bА. В. _gАндрей Васильевич |
|
| 942 | _cBOOK | ||
| 980 | _aNB | ||